Online
Catalog

Guzmán de Alfarache / (Record no. 5419)

MARC details
000 -CABECERA
campo de control de longitud fija 00754cam a2200217 a 4500
001 - NÚMERO DE CONTROL
campo de control 000005620
005 - FECHA Y HORA DE LA ÚLTIMA TRANSACCIÓN
campo de control 20200929151726.0
008 - DATOS DE LONGITUD FIJA--INFORMACIÓN GENERAL
campo de control de longitud fija 720502k19421950sp 000 f spa d
040 ## - FUENTE DE LA CATALOGACIÓN
Centro catalogador/agencia de origen DO-SdBNP
Lengua de catalogación spa
Centro/agencia transcriptor BNPHU
082 ## - NÚMERO DE LA CLASIFICACIÓN DECIMAL DEWEY
Número de clasificación 863.3
Número de documento/Ítem A367G
100 1# - ENTRADA PRINCIPAL--NOMBRE DE PERSONA
Nombre de persona Alemán, Mateo,
Fechas asociadas al nombre 1547-1615.
9 (RLIN) 3964
245 10 - MENCIÓN DE TÍTULO
Título Guzmán de Alfarache /
Mención de responsabilidad, etc. Mateo Alemán ; edición y notas Samuel Gili y Gaya.
260 ## - PUBLICACIÓN, DISTRIBUCIÓN, ETC.
Lugar de publicación, distribución, etc. Madrid :
Nombre del editor, distribuidor, etc. Espasa-Calpe,
Fecha de publicación, distribución, etc. 1942.
300 ## - DESCRIPCIÓN FÍSICA
Extensión 5 v. ;
Dimensiones 19 cm.
490 1# - MENCIÓN DE SERIE
Mención de serie Clásicos castellanos
Designación de volumen o secuencia 73, 83, 90, 93, 114
650 #4 - PUNTO DE ACCESO ADICIONAL DE MATERIA--TÉRMINO DE MATERIA
Término de materia o nombre geográfico como elemento de entrada Literatura picaresca
9 (RLIN) 1124
650 #4 - PUNTO DE ACCESO ADICIONAL DE MATERIA--TÉRMINO DE MATERIA
Término de materia o nombre geográfico como elemento de entrada Novela española
Subdivisión cronológica 1500-1700
9 (RLIN) 3965
650 #4 - PUNTO DE ACCESO ADICIONAL DE MATERIA--TÉRMINO DE MATERIA
Término de materia o nombre geográfico como elemento de entrada Literatura española
9 (RLIN) 632
700 1# - PUNTO DE ACCESO ADICIONAL--NOMBRE DE PERSONA
Nombre de persona Gili y Gaya, Samuel,
Término indicativo de función/relación ed.
9 (RLIN) 15868
830 #0 - PUNTO DE ACCESO ADICIONAL DE SERIE-TÍTULO UNIFORME
Título uniforme Clásicos castellanos ;
Designación de volumen o secuencia 73, 83, 90, 93, 114
9 (RLIN) 4180
Holdings
Estado de retiro Estado de pérdida Restricciones de uso No para préstamo Código de colección Localización permanente Ubicación/localización actual Ubicación en estantería Fecha de adquisición Número de inventario Total de préstamos Signatura topográfica completa Código de barras Fecha visto por última vez Precio válido a partir de Tipo de ítem Koha
        Monografías: Libros y Folletos General General Depósito 20.08.2009 LF1   863.3 A367G | v. 1 5620-10 25.06.2020 25.06.2020 Préstamo en sala
        Monografías: Libros y Folletos General General Depósito 09.09.2009 LF1   863.3 A367G | v. 2 5620-20 25.06.2020 25.06.2020 Préstamo en sala
        Monografías: Libros y Folletos General General Depósito 02.03.2010 LF1   863.3 A367G | v. 3 5620-30 25.06.2020 25.06.2020 Préstamo en sala
        Monografías: Libros y Folletos General General Depósito 11.05.2010 LF1   863.3 A367G | v. 5 5620-40 25.06.2020 25.06.2020 Préstamo en sala
        Monografías: Libros y Folletos General General Depósito 11.05.2010 LF1   863.3 A367G | v. 4 5620-50 25.06.2020 25.06.2020 Préstamo en sala

Powered by Koha